000 00671nam a22001937a 4500
999 _c7445
_d7445
003 AR-CdUCM
008 190320b ||||| |||| 00| 0 spa d
040 _aMUNICIPALIDAD PROVINCIAL DEL CUSCO
_cBIBLIOTECA MUNICIPAL DEL CUSCO
082 _a513.4 /
_bM62
100 _aMiquel y Merino, Pablo
_920996
245 _aElementos de álgebra superior /
260 _aGuatemala :
_bCultural centroamericana,
_c1961.
300 _a704 paginas ;
_c23 cm.
505 _aContenido :Arreglos -- Determinantes -- Polinomios enteros -- Números complejos -- Función ...
650 _aEstudio y enseñanza
_92610
650 _a Álgebra
_920997
942 _2ddc
_cLIBROS
945 _arum